000 00684nam a2200289Ia 4500
005 20260324114358.0
008 008 260324s9999 xx 000 0 eng d
020 _a9781003167945
037 _aEBOOK
040 _aCRL
040 _beng
040 _cCRL
041 _2eng
041 _aeng
084 _qCRL
100 _aBill Kinder; Bobbie O'Steen
_91150535
245 0 _aMaking the Cut at Pixar
245 4 _bThe Art of Editing Animation
260 _bTaylor and Francis
260 _c2022
365 _a
365 _b240
856 _uhttp://www.taylorfrancis.com/books/9781003167945
942 _cEBOOK
999 _c1740690
_d1740690